000 00862nam a22002657a 4500
003 BD-DhJNU
005 20250209054019.0
008 250209b |||||||| |||| 00| 0 eng d
020 _a978025603639X
040 _aBD-DhJNU
_bENG
_cBD-DhJNU
_dBD-DhJNU
082 _223
_a005.245 TES
100 _aTeglovic, Steve
245 _aStructured Vax basic and basic-plus /
_cSteve Teglovic and Kenneth D. Douglas
250 _a2nd ed
260 _aHomewood :
_bIrwin,
_c1987.
300 _a xvi, 456p. :
_bill. ;
_c24 cm.
490 _aIrwin series in information and decision sciences
504 _aIncludes index
650 _a VAX-11 (Computer) Programming
650 _aStructured programming
650 _aBASIC-PLUS (Computer program language)
650 _aBASIC (Computer program language)
700 _aDouglas, Kenneth D.
942 _2ddc
_cBK
_n0
999 _c1271
_d1271